[Event "EYCC 2017"]
[Site "Mamaia"]
[Date "2017.09.07"]
[Round "3"]
[White "Kucuksari, Kaan"]
[Black "Ongut, Tamas Gunes"]
[Result "1/2-1/2"]
[WhiteElo "2319"]
[BlackElo "2113"]
[Annotator "NA"]
[PlyCount "116"]
[EventDate "2017.??.??"]
[EventType "swiss"]
[EventCountry "ROU"]
[SourceTitle "playchess.com"]
[Source "ChessBase"]
[SourceQuality "1"]
[TimeControl "40/5400+30:1800+30"]

1. d4 {[%emt 0:00:00]} Nf6 {[%emt 0:01:28]} 2. Nf3 {[%emt 0:00:00]} g6 {[%emt 0:00:13]} 3. c4 {[%emt 0:00:00]} Bg7 {[%emt 0:00:07]} 4. Nc3 {[%emt 0:00:00]} O-O {[%emt 0:00:13]} 5. e4 {[%emt 0:00:00]} d6 {[%emt 0:01:49]} 6. h3 {[%emt 0:00:02]} e5 {[%emt 0:00:06]} 7. d5 {[%emt 0:00:05]} a5 {[%emt 0:00:05]} 8. Bg5 {[%emt 0:00:07]} Na6 {[%emt 0:00:21]} 9. Be2 {[%emt 0:00:19]} Qe8 {[%emt 0:01:37]} 10. Nd2 {[%emt 0:01:36]} Nc5 {[%emt 0:05:17]} 11. b3 {[%emt 0:03:07]} h6 {[%emt 0:11:29]} 12. Be3 {[%emt 0:14:29]} c6 {[%emt 0:06:52]} 13. a3 {[%emt 0:13:24]} Bd7 {[%emt 0:08:36]} 14. b4 {[%emt 0:06:27]} cxd5 {[%emt 0:01:46]} 15. exd5 {[%emt 0:18:34]} Na4 {[%emt 0:02:28]} 16. Nce4 {[%emt 0:10:32]} Nxe4 {[%emt 0:05:33]} 17. Nxe4 {[%emt 0:00:10]} Qe7 {[%emt 0:09:07]} 18. b5 {[%emt 0:05:30]} Qh4 {[%emt 0:15:14]} 19. Bf3 {[%emt 0:12:03]} Nb2 {[%emt 0:03:07]} 20. Qe2 {[%emt 0:01:12]} Nxc4 {[%emt 0:01:28]} 21. Qxc4 {[%emt 0:01:14]} f5 {[%emt 0:02:20]} 22. Nxd6 {[%emt 0:08:22]} Qxc4 {[%emt 0:01:59]} 23. Nxc4 {[%emt 0:00:01]} e4 {[%emt 0:00:08]} 24. Rb1 {[%emt 0:00:49]} exf3 {[%emt 0:00:08]} 25. gxf3 {[%emt 0:00:06]} f4 {[%emt 0:00:16]} 26. Bb6 {[%emt 0:03:58]} Rf5 {[%emt 0:05:19]} 27. d6 {[%emt 0:00:45]} Re8+ {[%emt 0:00:44]} 28. Kf1 {[%emt 0:00:13]} Rxb5 {[%emt 0:00:29]} 29. Rxb5 {[%emt 0:00:48]} Bxb5 {[%emt 0:03:04]} 30. Kg2 {[%emt 0:00:00]} Re6 {[%emt 0:04:02]} 31. Rd1 {[%emt 0:00:12]} Bxc4 {[%emt 0:00:24]} 32. d7 {[%emt 0:00:04]} Bf6 {[%emt 0:00:05]} 33. d8=Q+ {[%emt 0:00:30]} Bxd8 {[%emt 0:00:11]} 34. Rxd8+ {[%emt 0:00:01]} Kf7 {[%emt 0:00:50]} 35. Bxa5 {[%emt 0:00:10]} Bb5 {[%emt 0:01:11]} 36. Bb4 {[%emt 0:00:50]} Re8 {[%emt 0:01:00]} 37. Rd6 {[%emt 0:01:14]} Re6 {[%emt 0:01:02]} 38. Rd8 {[%emt 0:00:04]} Re8 {[%emt 0:00:20]} 39. Rd6 {[%emt 0:00:25]} Bc6 {[%emt 0:00:57]} 40. Bd2 {[%emt 0:00:00]} g5 {[%emt 0:02:05]} 41. Bc3 {[%emt 0:13:28]} Rg8 {[%emt 0:04:23]} 42. Rxh6 {[%emt 0:05:11]} g4 {[%emt 0:01:10]} 43. Rf6+ {[%emt 0:05:42]} Ke7 {[%emt 0:01:04]} 44. Rxf4 {[%emt 0:00:28]} gxf3+ {[%emt 0:01:18]} 45. Kf1 {[%emt 0:00:22]} Rg2 {[%emt 0:04:25]} 46. Ke1 {[%emt 0:01:08]} Rg6 {[%emt 0:04:17]} 47. Kd2 {[%emt 0:02:48]} Re6 {[%emt 0:00:36]} 48. Bd4 {[%emt 0:02:31]} Re2+ {[%emt 0:01:45]} 49. Kc3 {[%emt 0:01:01]} Kd6 {[%emt 0:05:41]} 50. Be3 {[%emt 0:04:19]} Ra2 {[%emt 0:00:24]} 51. Rd4+ {[%emt 0:00:18]} Ke6 {[%emt 0:00:27]} 52. Kb3 {[%emt 0:00:34]} Ra1 {[%emt 0:00:26]} 53. Kb2 {[%emt 0:00:13]} Rh1 {[%emt 0:00:09]} 54. h4 {[%emt 0:00:19]} Kf5 {[%emt 0:00:22]} 55. Bg5 {[%emt 0:01:12]} Rh2 {[%emt 0:00:33]} 56. Rd2 {[%emt 0:00:16]} Be4 {[%emt 0:01:52]} 57. Kc3 {[%emt 0:00:22]} Bc6 {[%emt 0:01:26]} 58. Kd4 {[%emt 0:00:24]} Rh1 {[%emt 0:00:25] Ke5+ Kxe5} 1/2-1/2

[Event "EYCC 2017"]
[Site "Mamaia"]
[Date "2017.09.07"]
[Round "3"]
[White "Szpar, Milosz"]
[Black "Matviishen, Viktor"]
[Result "1/2-1/2"]
[WhiteElo "2308"]
[BlackElo "2431"]
[Annotator "TA"]
[PlyCount "124"]
[EventDate "2017.??.??"]
[EventType "swiss"]
[EventCountry "ROU"]
[SourceTitle "playchess.com"]
[Source "ChessBase"]
[SourceQuality "1"]

{[%evp 20,124,34,28,29,31,22,23,25,15,33,20,14,14,11,14,85,82,87,41,52,14,54,54,44,36,107,10,14,15,12,10,40,30,89,92,105,85,100,45,45,45,45,45,45,45,57,58,58,52,70,60,60,6,7,0,0,0,0,0,0,0,0,0,0,-28,-29,-30,-15,-28,-22,-25,-15,-25,-22,-51,-55,-104,-36,-28,-22,-72,-70,-147,0,0,0,-8,-8,-8,-8,-8,-8,-29,-8,-8,-8,-8,-8,-8,0,0,0,-8,0,-8,0]} 1. e4 e5 2. Nf3 Nc6 3. Bb5 a6 4. Ba4 Nf6 5. O-O b5 6. Bb3 Be7 7. Re1 d6 8. c3 Na5 9. Bc2 c5 10. d4 Qc7 11. d5 {LiveBook: 12 Games} Nd7 $146 {C90: Closed Ruy Lopez with 7...d6: Early deviations} ({Predecessor:} 11... O-O 12. b3 g6 13. Bh6 Re8 14. h3 Kh8 15. Nbd2 Ng8 16. Be3 Bf8 17. Nf1 Bh6 18. Bxh6 Nxh6 19. Qd2 {½-½ (40) Bartel,M (2609)-Socko,B (2644) Lublin 2010}) 12. Nbd2 {[%cal Bb1d2,Bd2f1,Bf1g3,Bg3f5][%mdl 32]} Nb6 13. Nf1 O-O {White has an edge.} 14. Ng3 Nb7 15. h3 a5 16. Nf5 Bf6 17. Nh2 g6 (17... Qd8 $11) 18. Ng4 $16 Bd8 19. Ng3 Bh4 20. Qf3 Qe7 21. Bh6 Rd8 22. b3 (22. Be3 {keeps more tension.} Kh8 23. Bd3 Bd7 24. b3 b4 25. a4) 22... Bg5 (22... b4 $14) 23. Bxg5 (23. Nf5 $1 $16 {[%cal Rf5e7]} Bxf5 24. exf5 Bxh6 25. Nxh6+ Kg7 26. Ng4) 23... Qxg5 $11 24. Qe3 Qxe3 25. Nxe3 b4 26. a4 bxa3 (26... Rb8 $11 {keeps the balance.}) 27. Rxa3 $16 Bd7 28. Rea1 Rdc8 29. Nc4 (29. Ngf1 $16) 29... Nxc4 $14 30. bxc4 Rcb8 31. Ba4 Bxa4 32. Rxa4 Nd8 33. Rxa5 Rxa5 34. Rxa5 {[%mdl 4096] Endgame KRN-KRN} Rb1+ 35. Nf1 {Threatens to win with Ra8.} (35. Kh2 $5 {[%cal Ra5a8]} Kf8 36. Ra2 $16) 35... Kf8 $1 36. Ra3 ({Better is} 36. Ra6 $14) 36... f5 $11 37. exf5 gxf5 38. g4 f4 $1 39. f3 Nf7 40. h4 e4 41. fxe4 Ne5 42. Ra2 Nxg4 43. Kg2 {White wants to play Nd2.} Rc1 44. Nh2 $1 {[%cal Rh2g4]} Ne5 45. Nf3 Nxc4 {next ...Ne3+ is good for Black.} 46. Ng5 $1 Rxc3 47. Nxh7+ Kg7 48. Ng5 {[#]} Kh6 (48... Rg3+ $1 $17 49. Kf2 Ne5 50. Ra7+ Kf6 51. Nh7+ Kg6 52. Nf8+ Kh5) 49. Ne6 $15 Rg3+ 50. Kf2 Ne5 51. Ra8 {[#]} ({White should play} 51. Ra6 $15) 51... Nd3+ (51... Ng4+ $1 $17 52. Kf1 Rf3+ 53. Kg2 Rf2+ 54. Kg1 Rf3) 52. Ke2 $11 c4 {Hoping for ...f3+.} 53. Rh8+ Kg6 {Strongly threatening ...f3+.} 54. h5+ {[%cal Bh4h5,Bh5h6,Bh6h7][%mdl 32]} Kf6 55. h6 f3+ 56. Kd2 $1 {aiming for Rf8+.} f2 {White must now prevent ...c3+!} (56... Rh3 $5 57. h7 $8 Rh2+ 58. Ke3 f2 $15) 57. h7 $1 $132 {[%mdl 2048] The position is equal. White is fighting back} Kg6 (57... Rh3 $5 58. Ke2 $8 Ke7 $15) 58. Nf8+ Kf7 59. Ne6 {Intending Rf8+ and mate.} Kg6 60. Nf8+ Kf7 (60... Kh5 $5 61. Rg8 $8 Rxg8 62. hxg8=Q f1=Q 63. Qg6+ Kh4 64. Qh6+ Kg4 65. Qe6+ Kg3 66. Qxd6+ Kf3 67. Qf6+ Nf4 $11) 61. Ne6 {Rf8+ would kill now.} Kg6 62. Nf8+ Kf7 {Precision: White = 59%, Black = 50%.} 1/2-1/2

[Event "EYCC 2017"]
[Site "Mamaia"]
[Date "2017.09.07"]
[Round "3"]
[White "Akhvlediani, Irakli"]
[Black "Morozov, Nichita"]
[Result "1/2-1/2"]
[WhiteElo "2303"]
[BlackElo "2461"]
[Annotator "TA"]
[PlyCount "46"]
[EventDate "2017.??.??"]
[EventType "swiss"]
[EventCountry "ROU"]
[SourceTitle "playchess.com"]
[Source "ChessBase"]
[SourceQuality "1"]

{[%evp 12,46,50,50,62,57,63,62,66,59,67,45,50,49,48,32,32,32,44,4,13,0,0,0,45,45,49,58,79,78,75,73,106,106,200,121,121]} 1. d4 Nf6 2. c4 g6 3. Nc3 Bg7 4. e4 d6 5. Nf3 Bg4 6. Be2 Bxf3 7. Bxf3 {[#] LiveBook: 10 Games. e5 is the strong threat.} e5 {E90: King's Indian: Classical: Early deviations and 6 h3} 8. d5 (8. dxe5 dxe5 9. Qxd8+ Kxd8 10. Be3 c6 11. O-O-O+ Kc7 12. h4 h5 13. Be2 Nbd7 14. f3 Bh6 15. Bxh6 Rxh6 {0-1 (60) Volkov,S (2628)-Andreikin,D (2503) playchess.com INT 2006}) 8... h5 $146 ({Predecessor:} 8... Nbd7 9. O-O h5 10. h4 Kf8 11. g3 Bh6 12. Bxh6+ Rxh6 13. b4 Kg7 14. Kg2 Rh8 15. Be2 a6 16. Qc2 Qb8 17. a3 Qa7 18. f3 Rhc8 {½-½ (18) Milchev,N (2424)-Baratosi,D (2407) Condom 2014}) 9. O-O a5 {White is slightly better.} 10. a3 Nbd7 11. Be3 Bh6 12. Bxh6 Rxh6 13. Qd2 Rh8 14. b4 Kf8 15. Na4 Kg7 16. Rfc1 axb4 17. axb4 b5 18. cxb5 Qb8 19. Qd3 Qa7 20. Qc3 $36 {[%mdl 2048] White has strong initiative.} Qb7 21. Qc6 ({Much weaker is} 21. Qxc7 Qxb5 22. Qc6 Qxb4 $11) 21... Rhb8 22. Nc3 ({Not} 22. Qxc7 Qxc7 23. Rxc7 Rxb5 $17) 22... Ra7 (22... Rxa1 $16 23. Rxa1 Nb6) 23. Be2 Rxa1 {Precision: White = 49%, Black = 59%.} 1/2-1/2

[Event "EYCC 2017"]
[Site "Mamaia"]
[Date "2017.09.07"]
[Round "3"]
[White "Macko, Miroslav"]
[Black "Vrolijk, Liam"]
[Result "1/2-1/2"]
[WhiteElo "2303"]
[BlackElo "2418"]
[Annotator "TA"]
[PlyCount "107"]
[EventDate "2017.??.??"]
[EventType "swiss"]
[EventCountry "ROU"]
[SourceTitle "playchess.com"]
[Source "ChessBase"]
[SourceQuality "1"]

{[%evp 30,107,12,2,6,15,56,24,35,9,11,9,9,0,9,33,50,23,46,45,37,32,50,50,56,33,39,35,18,22,54,52,73,68,70,29,35,34,25,23,24,0,0,-12,11,-7,0,0,0,0,0,0,12,1,1,1,1,1,0,0,0,0,24,0,33,21,28,8,6,5,6,0,56,51,79,68,68,0,0,0]} 1. e4 e5 2. Nf3 Nc6 3. Bb5 a6 4. Ba4 Nf6 5. O-O Be7 6. Re1 b5 7. Bb3 d6 8. c3 O-O 9. d3 Na5 10. Bc2 c5 11. Nbd2 {[%cal Bb1d2,Bd2f1,Bf1e3,Be3d5][%mdl 32]} Nc6 12. Nf1 Re8 13. Ne3 Bf8 14. a4 Rb8 {C90: Closed Ruy Lopez with 7...d6: Early deviations} 15. axb5 axb5 16. Bb3 {LiveBook: 3 Games} Na5 $146 ({Predecessor:} 16... Be6 17. Ng5 Qd7 18. Nxe6 fxe6 19. Ng4 Be7 20. Be3 Rf8 21. Nxf6+ Rxf6 {0-1 (51) Abramovic,B (2464)-Costachi,M (2341) Plovdiv 2015}) 17. Ba2 {[%cal Bb3a2,Ba2b1,Bb1d3][%mdl 32]} b4 18. Nd5 b3 19. Nxf6+ Qxf6 20. Bb1 Qd8 21. d4 cxd4 22. cxd4 Qb6 23. d5 Nb7 24. Be3 Nc5 25. Bd3 Bd7 26. Nd2 Qb4 27. Bxc5 Qxc5 28. Nxb3 Qb4 29. Na5 Qxb2 30. Nc6 {[#] And now Rb1 would win.} Ra8 $1 31. Rb1 Qc3 32. Rb3 Qc5 33. Qb1 {Rc1 is the strong threat.} Ra3 $1 34. Rxa3 Qxa3 35. Rc1 Ra8 36. Bb5 f5 37. Re1 Qc3 38. Ne7+ ({Much weaker is} 38. exf5 Bxf5 39. Qc1 Qxc1 $17) 38... Bxe7 39. Bxd7 fxe4 40. g3 e3 {White must now prevent ...exf2+.} 41. Rxe3 Qa1 42. Be6+ Kf8 $132 {[%mdl 2048] Black is fighting back} 43. Qxa1 Rxa1+ $11 {[%mdl 4096] Endgame KRB-KRB} 44. Kg2 Ra7 45. h4 Rc7 46. Kh3 Ra7 47. Rf3+ (47. Rb3 $5 {[%cal Rb3b8]} Bf6 48. h5 $14) 47... Bf6 $1 48. g4 Ke8 49. g5 Bd8 50. Bg8 h6 (50... g6 $11) 51. Bh7 $14 {Hoping for Bg6+.} Be7 52. Bg6+ Kd8 53. gxh6 (53. Rf7 $14) 53... gxh6 $11 54. Rg3 {Precision: White = 55%, Black = 49%.} 1/2-1/2

[Event "EYCC 2017"]
[Site "Mamaia"]
[Date "2017.09.07"]
[Round "3"]
[White "Haring, Viktor"]
[Black "Vykouk, Jan"]
[Result "0-1"]
[WhiteElo "2297"]
[BlackElo "2440"]
[Annotator "TA"]
[PlyCount "78"]
[EventDate "2017.??.??"]
[EventType "swiss"]
[EventCountry "ROU"]
[SourceTitle "playchess.com"]
[Source "ChessBase"]
[SourceQuality "1"]

{[%evp 22,78,36,0,16,0,0,-8,5,-8,-4,-18,-15,-77,-79,-70,-72,-105,-117,-100,-108,-112,-95,-112,-115,-108,-96,-225,-143,-127,-135,-402,-388,-411,-395,-392,-386,-378,-370,-353,-325,-375,-368,-362,-355,-669,-672,-658,-658,-645,-632,-1691,-1635,-2405,-2395,-5394,-5322,-3030,-2645]} 1. e4 c5 2. Nf3 Nc6 3. d4 cxd4 4. Nxd4 Qb6 5. Nb3 Nf6 6. Nc3 e6 7. Be3 Qc7 8. Bd3 a6 9. Qe2 b5 10. f4 d6 11. O-O Be7 12. Kh1 Bb7 {B43: Sicilian: Kan Variation: 5 Nc3} 13. Rae1 O-O 14. a3 Rac8 {The position is equal.} 15. Nd4 Na5 16. Bc1 Nc4 17. e5 $146 (17. Nd1 $11 {remains equal.}) ({Predecessor:} 17. Rf3 Qb6 18. Nb3 e5 {0-1 (26) Chalupnik,M (2284)-Likavsky,T (2476) Warsaw 2009}) 17... dxe5 $17 18. fxe5 Nd7 $1 {[%cal Rd7e5]} 19. Qh5 {[%csl Gd3][%cal Rh5h7] [#]} g6 $1 {[%cal Rg6h5]} 20. Qh3 {Hoping for Nxe6!} Qb6 ({But not} 20... Ncxe5 $6 {[#]} 21. Nxe6 $1 {[%mdl 512]} Bxg2+ 22. Kxg2 $11) 21. Bxc4 Rxc4 ({Reject} 21... bxc4 $6 22. Nf3 $11) 22. Nf3 h5 23. Be3 Qc7 24. Bg5 (24. Bh6 $17 {is a better defense.}) 24... Bxg5 25. Nxg5 Rg4 $36 {[%mdl 2048] Black is really pushing.} 26. Nce4 $2 {[%mdl 8192]} (26. Nge4 $17 {is the only way for White.}) 26... Qxe5 $19 27. Nf6+ Qxf6 $1 28. Rxf6 Nxf6 29. Nf3 Nd5 {Strongly threatening ...Nf4.} 30. g3 Rc8 31. Qg2 {[#]} Nf4 $1 {[%mdl 512]} 32. Qf1 {[#] intending c3.} (32. gxf4 Rxg2) 32... Nh3 $1 {[%mdl 512]} 33. Re3 $2 (33. Qxh3 Bxf3+ 34. Kg1 Rxc2 35. Rf1 Rg2+ 36. Qxg2 Bxg2 37. Kxg2) 33... Ng5 {Black is clearly winning.} 34. c3 Rc5 35. Kg1 Rf5 36. Qd1 Nxf3+ 37. Kf2 Nxh2+ 38. Ke2 Bf3+ 39. Rxf3 Nxf3 {Precision: White = 27%, Black = 86%.} 0-1

[Event "EYCC 2017"]
[Site "Mamaia"]
[Date "2017.09.07"]
[Round "3"]
[White "Diakonova, Ekaterina"]
[Black "Gitu, Paula-Alexandra"]
[Result "1-0"]
[WhiteElo "2276"]
[BlackElo "1948"]
[Annotator "NA"]
[PlyCount "67"]
[EventDate "2017.??.??"]
[EventType "swiss"]
[EventCountry "ROU"]
[SourceTitle "playchess.com"]
[Source "ChessBase"]
[SourceQuality "1"]
[TimeControl "40/5400+30:1800+30"]

1. e4 {[%emt 0:00:00]} d5 {[%emt 0:00:07]} 2. exd5 {[%emt 0:00:00]} Qxd5 {[%emt 0:00:03]} 3. Nc3 {[%emt 0:00:00]} Qd6 {[%emt 0:00:05]} 4. d4 {[%emt 0:00:00]} Nf6 {[%emt 0:00:05]} 5. g3 {[%emt 0:00:17]} c6 {[%emt 0:00:12]} 6. Bg2 {[%emt 0:00:05]} Bf5 {[%emt 0:11:58]} 7. Nf3 {[%emt 0:00:36]} e6 $14 {[%emt 0:01:45] LiveBook: 50 Games} 8. Bf4 {[%emt 0:04:19]} Qd8 {[%emt 0:03:12]} 9. Nh4 {[%emt 0:05:19]} Bg6 {[%emt 0:01:43]} 10. Nxg6 {[%emt 0:01:16]} hxg6 {[%emt 0:00:05]} 11. Qd3 {[%emt 0:00:33]} Nbd7 {[%emt 0:04:31]} 12. O-O-O {[%emt 0:05:06]} Nb6 {[%emt 0:07:50]} 13. Kb1 {[%emt 0:03:13]} Be7 {[%emt 0:04:31]} 14. Be5 {[%emt 0:08:41]} Bd6 {[%emt 0:09:55]} 15. f4 {[%emt 0:02:19]} Qd7 {[%emt 0:09:38]} 16. Ne4 {[%emt 0:04:00]} Nxe4 {[%emt 0:03:34]} 17. Qxe4 {[%emt 0:00:41]} Rg8 {[%emt 0:02:07]} 18. Bxd6 {[%emt 0:07:39]} Qxd6 {[%emt 0:00:04]} 19. h4 {[%emt 0:00:10]} O-O-O {[%emt 0:03:08]} 20. c3 {[%emt 0:05:14]} Nd5 {[%emt 0:09:36]} 21. Bf3 {[%emt 0:02:28]} Kc7 {[%emt 0:02:52]} 22. Rhe1 {[%emt 0:01:50]} Nb6 {[%emt 0:05:50]} 23. Qe2 {[%emt 0:02:16]} Nd5 {[%emt 0:02:01]} 24. Qg2 {[%emt 0:03:44]} Nb6 {[%emt 0:02:57]} 25. Kc2 {[%emt 0:01:50]} a5 {[%emt 0:04:14]} 26. Qf1 {[%emt 0:09:14]} a4 {[%emt 0:03:29]} 27. a3 {[%emt 0:04:43]} Nd5 {[%emt 0:02:30]} 28. c4 {[%emt 0:01:08]} Ne7 {[%emt 0:00:50]} 29. Qf2 {[%emt 0:04:48]} Qd7 {[%emt 0:04:53]} 30. Kb1 {[%emt 0:03:55]} Rge8 {[%emt 0:01:03]} 31. g4 {[%emt 0:07:33]} b6 {[%emt 0:00:29]} 32. Qc2 {[%emt 0:00:38]} Ra8 {[%emt 0:00:06]} 33. d5 {[%emt 0:00:18]} Nc8 {[%emt 0:01:03]} 34. dxc6 {[%emt 0:00:24]} 1-0

[Event "EYCC 2017"]
[Site "Mamaia"]
[Date "2017.09.07"]
[Round "3"]
[White "Di Benedetto, Edoardo"]
[Black "Kevlishvili, Robby"]
[Result "1/2-1/2"]
[WhiteElo "2270"]
[BlackElo "2450"]
[Annotator "TA"]
[PlyCount "96"]
[EventDate "2017.??.??"]
[EventType "swiss"]
[EventCountry "ROU"]
[SourceTitle "playchess.com"]
[Source "ChessBase"]
[SourceQuality "1"]

{[%evp 19,96,0,0,-23,-19,-21,0,0,2,3,9,9,10,0,8,10,6,7,8,5,10,-13,-11,-14,0,0,0,0,0,-36,-36,-47,-30,-48,-42,-46,-37,-48,-54,-55,-48,-48,-50,-49,-46,-51,-47,-51,-47,-48,-48,-53,-54,-54,-46,-50,-47,-54,-51,-54,-54,-54,-46,-51,0,-53,-53,-63,-63,-63,-63,-63,-63,-63,-63,-63,-63,-63,-63]} 1. e4 c5 2. Nf3 d6 3. Bb5+ Nd7 4. d4 cxd4 5. Qxd4 a6 6. Bxd7+ Bxd7 7. O-O Nf6 8. Nc3 {B51: Sicilian: Moscow Variation (3 Bb5+) without 3...Bd7} (8. c4 g6 9. Nc3 Bg7 10. a4 O-O 11. Qd3 Bg4 12. Nd2 Nd7 13. h3 Ne5 14. Qc2 Bd7 15. b3 Rc8 {½-½ (73) Solak,D (2641)-Ponomariov,R (2712) Khanty-Mansiysk 2017}) 8... e6 9. Bg5 Be7 10. Rad1 Bc6 {LiveBook: 9 Games} 11. e5 {[%cal Re5d6]} (11. Rfe1 {seems wilder.} O-O 12. Bxf6 Bxf6 13. Qxd6 Qxd6 14. Rxd6 Rfd8 15. Rxd8+ Rxd8 16. e5) 11... dxe5 12. Qxd8+ $146 ({Find the theoretical novelty and annotate with similar games:} 12. Nxe5 Qxd4 13. Rxd4 Rc8 14. Rc4 Nd7 15. Nxd7 Bxg5 16. Ne5 {0-1 (54) Ostermeyer,P (2405)-Sehner,N (2420) Germany 1991}) 12... Rxd8 13. Rxd8+ Bxd8 14. Nxe5 Nd7 15. Bxd8 Nxe5 16. Bc7 Nc4 17. b3 Kd7 18. Bf4 Na3 19. Rc1 Rc8 20. Nb1 Nxb1 21. Rxb1 $11 {[%mdl 4096] Endgame KRB-KRB} Be4 22. Rd1+ Ke8 23. c4 Rd8 24. Rxd8+ (24. Re1 {looks sharper.} Ke7 25. f3 Bf5 26. Be3 h5 27. h3) 24... Kxd8 {KB-KB} 25. b4 Bb1 26. a4 Bc2 27. a5 Bb3 28. b5 Bxc4 29. bxa6 Bxa6 30. f3 Ke7 31. Kf2 f6 32. Bb8 Kd7 33. Ke3 Kc6 34. h4 Kd5 35. g3 e5 36. Bc7 Bb5 37. Bd8 Bc6 38. Bc7 Ke6 39. Bd8 h6 {[%cal Bh7h6,Bh6g5][%mdl 32]} 40. Bc7 Kf5 41. Bd8 Ke6 42. Bc7 $1 f5 {Black is slightly better.} 43. Bb8 g5 44. hxg5 hxg5 45. Bc7 f4+ 46. gxf4 exf4+ 47. Kf2 Kf5 48. Bd8 Bd5 {Precision: White = 53%, Black = 64%.} 1/2-1/2

[Event "EYCC 2017"]
[Site "Mamaia"]
[Date "2017.09.07"]
[Round "3"]
[White "Ewert, Hannes"]
[Black "Sargsyan, Shant"]
[Result "1/2-1/2"]
[WhiteElo "2261"]
[BlackElo "2436"]
[Annotator "TA"]
[PlyCount "116"]
[EventDate "2017.??.??"]
[EventType "swiss"]
[EventCountry "ROU"]
[SourceTitle "playchess.com"]
[Source "ChessBase"]
[SourceQuality "1"]

{[%evp 27,116,0,0,-5,0,-19,-25,-17,-12,-12,-12,-13,-18,-18,-18,-18,-16,-16,-12,-14,-6,-6,-6,-6,-4,-8,0,0,0,0,0,-16,-16,-14,-9,-21,0,0,0,0,0,0,0,0,0,0,0,0,0,0,0,0,0,0,0,0,0,0,0,0,0,0,0,0,0,0,0,0,0,0,0,0,0,0,0,0,0,0,0,0,0,0,0,0,0,0,0,0,0,0,0]} 1. e4 e5 2. Nf3 Nc6 3. Bb5 {[%cal Bf1b5,Bb5a4,Ba4b3][%mdl 32]} a6 4. Ba4 Nf6 5. O-O Nxe4 6. d4 b5 7. Bb3 d5 8. dxe5 Be6 9. Nbd2 Be7 10. c3 O-O 11. Nd4 {C83: Open Ruy Lopez: 9 c3 Be7} (11. Bc2 f5 12. Nb3 Qd7 13. Nbd4 Nxd4 14. Nxd4 c5 15. Nxe6 Qxe6 16. f3 Ng5 17. a4 Rad8 18. axb5 axb5 19. Bxg5 Bxg5 20. f4 Be7 21. Kh1 d4 22. cxd4 c4 23. b3 Bc5 24. bxc4 Rxd4 {½-½ (31) Adams,M (2761)-Giri,A (2769) Shenzhen 2017}) 11... Nxd4 12. cxd4 Nxd2 13. Bxd2 c5 14. dxc5 Bxc5 {LiveBook: 3 Games} 15. Rc1 Qb6 16. Qh5 Bd4 $146 ({Predecessor:} 16... Rfc8 17. Bc2 g6 18. Qh4 Rc7 {1-0 (29) Haupold,E-Schaefer,H DDR 1979}) 17. Bc3 ({Don't play} 17. Bc2 g6 $17) 17... Rac8 {The position is equal.} 18. Bxd4 Qxd4 19. Qe2 Bg4 20. Qe3 Qxe3 21. fxe3 Be2 22. Rfe1 {[#] Hoping for Rxc8.} Bc4 23. Bd1 Rce8 (23... Bxa2 $5 {[%cal Rc8c1]} 24. Ra1 Bc4 $11) 24. b3 Bd3 25. Bf3 Rxe5 26. Rc5 b4 27. Rxd5 Rxd5 28. Bxd5 $11 {[%mdl 4096] Endgame KRB-KRB} Rd8 29. Bf3 {[#] And now Rd1 would win.} Kf8 30. Rc1 Ke7 31. Kf2 f5 32. Ke1 Rd6 33. Be2 Be4 34. g3 Rh6 35. h4 Rg6 36. Kf2 Rd6 37. Ke1 a5 38. Rc5 Rd5 39. Rc7+ Rd7 40. Rc8 Bb1 41. Ra8 Bxa2 42. Rxa5 Bxb3 43. Rb5 Bd5 44. Rxb4 Ra7 45. g4 fxg4 46. Rxg4 Kf6 47. Rf4+ Ke5 48. Rd4 Be4 49. Rd8 Re7 50. Kf2 g6 51. Kg3 Bf5 52. Bf3 h6 53. Rh8 Kf6 54. Kf2 Kg7 55. Rd8 Re5 56. Rd6 Re8 57. Rb6 Be4 {White must now prevent ...Rf8.} 58. Be2 Rf8+ {Precision: White = 92%, Black = 80%.} 1/2-1/2